| 000 | 00688cam a2200229 i 4500 | ||
|---|---|---|---|
| 001 | 36406 | ||
| 005 | 20230404130026.0 | ||
| 008 | 070301b1974 mx 000 0 spa | ||
| 041 | 0 | _aspa | |
| 050 | 1 | 4 |
_a107 F 1787.5 _bB199r 1974 |
| 100 | 1 | _aBambirra, Vania | |
| 245 | 0 | 3 |
_aLa revolución cubana : _buna reinterpretación / _cVania Bambirra. |
| 250 | _a2. ed. | ||
| 260 |
_aMéxico, D. F. : _bEditorial Nuestro Tiempo, _c1974. |
||
| 300 | _a172 p. | ||
| 440 | 0 | _aColección Latinoamérica hoy. | |
| 500 | _aBibliography: p. [167]-172. | ||
| 651 | 0 |
_aCuba _xPolitics and government _y1933-1959. |
|
| 651 | 0 |
_aCuba _xHistory _y1933-1959. |
|
| 650 | 0 |
_aSocialism _zCuba |
|
| 942 |
_2lcc _cbk |
||
| 999 |
_c9427 _d9427 |
||